[Event "?"]
[Site "ICC 2 12 09/18/97, Internet C"]
[Date "1997.??.??"]
[Round "?"]
[White "Brause"]
[Black "Motoman"]
[Result "1-0"]
[WhiteElo "2635"]
[BlackElo "1925"]
[PlyCount "87"]

1. e4 e5 2. Nf3 Nf6 3. Nc3 Nc6 4. Nxe5 Nxe5 5. d4 Nc6 6. d5 Ne5 7. f4 Ng6 8. e5
Ng8 9. d6 f6 10. Nb5 cxd6 11. exd6 Qb6 12. Nc7+ Kd8 13. Nxa8 Qxd6 14. Qxd6 Bxd6
15. g3 N8e7 16. Bd2 Nc6 17. O-O-O Bb8 18. Bc3 d6 19. Bg2 Bg4 20. Rde1 Kd7 21.
Rhf1 h5 22. f5 Nge7 23. h3 Bxf5 24. Bxc6+ bxc6 25. Rxe7+ Kxe7 26. Rxf5 d5 27.
Ba5 Kd7 28. Rf3 Bd6 29. Nb6+ axb6 30. Bxb6 Be5 31. b4 g5 32. Rd3 Ke6 33. Kd2 g4
34. h4 f5 35. Re3 Kf6 36. a4 f4 37. gxf4 Bxf4 38. Bd4+ Kf5 39. Bxh8 g3 40. Kd3
Bxe3 41. Kxe3 Kg4 42. a5 Kh3 43. Kf3 g2 44. Bd4 1-0

[Event "?"]
[Site "ICC 2 12 09/18/97, Internet C"]
[Date "1997.??.??"]
[Round "?"]
[White "Brause"]
[Black "Motoman"]
[Result "1-0"]
[WhiteElo "2635"]
[BlackElo "1925"]
[PlyCount "72"]

1. e4 e5 2. Nf3 Nf6 3. Nc3 Nc6 4. Nxe5 Nxe5 5. d4 Nc6 6. d5 Ne5 7. f4 Ng6 8. e5
Ng8 9. d6 f6 10. Nb5 cxd6 11. exd6 Qb6 12. Nc7+ Kd8 13. Nxa8 Qxd6 14. Qxd6 Bxd6
15. g3 Nh6 16. Be2 Re8 17. Kd1 Bc5 18. Re1 d6 19. Bd2 Ng4 20. c3 Ne3+ 21. Bxe3
Bxe3 22. Bd3 Bd7 23. Kc2 Bc6 24. Bxg6 hxg6 25. Kd3 Bf2 26. Rxe8+ Bxe8 27. Rd1
a5 28. Kc4 b5+ 29. Kd5 Bc5 30. a3 Kd7 31. b4 Bf7+ 32. Ke4 axb4 33. axb4 Bf2 34.
Ra1 Kc6 35. Kf3 Bb6 36. Ra6 Kb7 1-0

[Event "?"]
[Site "ICC 2 12 09/18/97, Internet C"]
[Date "1997.??.??"]
[Round "?"]
[White "Brause"]
[Black "StephenTaylor"]
[Result "1/2-1/2"]
[WhiteElo "2580"]
[BlackElo "2050"]
[PlyCount "94"]

1. e4 e5 2. Nf3 Nc6 3. Nc3 Nf6 4. Nxe5 Nxe5 5. d4 Ng6 6. e5 Ng8 7. Bc4 d5 8.
Bxd5 c6 9. Bb3 Qh4 10. O-O Bg4 11. f3 Be6 12. Be3 O-O-O 13. Bxe6+ fxe6 14. Ne4
Be7 15. Qe1 Nh6 16. Qxh4 Nxh4 17. Bxh6 gxh6 18. c3 Rdf8 19. Rf2 Rhg8 20. f4 h5
21. Ng3 Rg4 22. Raf1 Nf5 23. Nxf5 Rxf5 24. Rf3 h4 25. b4 b6 26. R1f2 c5 27.
dxc5 bxc5 28. b5 c4 29. h3 Rg3 30. Rxg3 hxg3 31. Rf3 Bc5+ 32. Kh1 h5 33. a4 h4
34. a5 Kc7 35. b6+ axb6 36. axb6+ Bxb6 37. Rf1 Bf2 38. Ra1 Rxf4 39. Ra7+ Kc6
40. Rc7+ Kb5 41. Rc5+ Kb6 42. Rc6+ Kb7 43. Rc7+ Ka6 44. Ra7+ Kb6 45. Ra6+ Kc5
46. Ra5+ Kc6 47. Rc5+ Kxc5 1/2-1/2

[Event "?"]
[Site "ICC 2 12 09/18/97, Internet C"]
[Date "1997.??.??"]
[Round "?"]
[White "Brause"]
[Black "StephenTaylor"]
[Result "1-0"]
[WhiteElo "2545"]
[BlackElo "2065"]
[PlyCount "39"]

1. e4 e5 2. Nf3 Nc6 3. Nc3 Nf6 4. Nxe5 Nxe5 5. d4 Ng6 6. e5 Ng8 7. Bc4 d5 8.
Bxd5 c6 9. Bb3 Bb4 10. O-O Bxc3 11. bxc3 Qh4 12. Ba3 Bg4 13. Qd2 N8e7 14. Bd6
Nf5 15. f3 Nxd6 16. fxg4 O-O-O 17. exd6 Rxd6 18. Rxf7 Ne5 19. Rxg7 Nxg4 20. Qf4
1-0

[Event "?"]
[Site "ICC 2 12 09/18/97, Internet C"]
[Date "1997.??.??"]
[Round "?"]
[White "Brause"]
[Black "DrTarrasch"]
[Result "1-0"]
[WhiteElo "2500"]
[BlackElo "2090"]
[PlyCount "45"]

1. e4 e5 2. Nf3 Nc6 3. Nc3 Nf6 4. Nxe5 Nxe5 5. d4 Ng6 6. e5 Ng8 7. Bc4 Bb4 8.
Qf3 Bxc3+ 9. bxc3 Qe7 10. O-O h5 11. Ba3 d6 12. exd6 cxd6 13. Rfe1 Be6 14. d5
Nf8 15. Qg3 Rd8 16. Bb5+ Nd7 17. dxe6 fxe6 18. Bxd6 Qf6 19. Rxe6+ Qxe6 20. Qxg7
Qxd6 21. Re1+ Ne7 22. Qxh8+ Kf7 23. Qxd8 1-0

[Event "?"]
[Site "ICC 2 12 09/18/97, Internet C"]
[Date "1997.??.??"]
[Round "?"]
[White "Brause"]
[Black "DrTarrasch"]
[Result "0-1"]
[WhiteElo "2505"]
[BlackElo "2090"]
[PlyCount "75"]

1. e4 e5 2. Nf3 Nc6 3. Nc3 Nf6 4. Nxe5 Nxe5 5. d4 Ng6 6. e5 Ng8 7. Bc4 d6 8.
Qf3 Be6 9. Qxb7 N8e7 10. Nb5 Rc8 11. Bxe6 fxe6 12. exd6 cxd6 13. Qxa7 Nc6 14.
Qa4 Qd7 15. b3 Be7 16. O-O O-O 17. Nc3 d5 18. Re1 Bd6 19. Re3 Qc7 20. Nb5 Bxh2+
21. Kh1 Qb8 22. Re2 Bg3 23. Kg1 Nf4 24. Bxf4 Bxf4 25. Rae1 e5 26. g3 e4 27.
gxf4 Qxf4 28. Qa6 Qg4+ 29. Kf1 Rf6 30. Rc1 Nxd4 31. Qxc8+ Qxc8 32. Nxd4 Rh6 33.
f3 Rh1+ 34. Kf2 Rxc1 35. c4 exf3 36. Nxf3 dxc4 37. bxc4 Qxc4 38. Re8+ 0-1

[Event "?"]
[Site "ICC 2 12 09/27/97, Internet C"]
[Date "1997.??.??"]
[Round "?"]
[White "Brause"]
[Black "RAR"]
[Result "0-1"]
[WhiteElo "2395"]
[BlackElo "2220"]
[PlyCount "131"]

1. e4 e5 2. Nf3 Nf6 3. Nc3 Nc6 4. Nxe5 Nxe5 5. d4 Ng6 6. e5 Ng8 7. Bc4 Bb4 8.
Qf3 Bxc3+ 9. bxc3 f5 10. h4 d6 11. h5 Nf8 12. exd6 cxd6 13. O-O Qe7 14. Ba3 Nf6
15. Rfe1 Ne4 16. Qe2 Ne6 17. Bxe6 Qxe6 18. f3 d5 19. fxe4 dxe4 20. Qf2 Qf7 21.
Qf4 Be6 22. Qe5 O-O-O 23. Bd6 b6 24. a4 Rhe8 25. Qh2 g6 26. a5 b5 27. hxg6 hxg6
28. a6 Ba2 29. Be5 Qe6 30. Bb8 Rd7 31. Qe5 Bc4 32. Qxe6 Rxe6 33. Be5 Rc6 34.
Kf2 Bd5 35. Ra3 Rh7 36. Rb1 Bc4 37. Ke3 Kd7 38. Kf4 Re6 39. Rg1 Rh4+ 40. Kg3 g5
41. Bb8 f4+ 42. Kf2 e3+ 43. Kf3 Bd5+ 44. Ke2 Rg4 45. Be5 Rh6 46. c4 Rxg2+ 47.
Rxg2 f3+ 48. Kxe3 fxg2 49. Kf2 Rh1 50. Bh2 Rf1+ 51. Kg3 g1=Q+ 52. Bxg1 Rxg1+
53. Kf2 Rg2+ 54. Kf1 bxc4 55. Ra5 Kd6 56. Rc5 Rxc2 57. Rc8 Rd2 58. Rh8 c3 59.
Rd8+ Ke6 60. Ke1 Rd3 61. Rc8 Kf5 62. Rc7 Kf4 63. Ke2 Re3+ 64. Kf2 g4 65. Rc8
g3+ 66. Kf1 0-1

[Event "?"]
[Site "ICC 2 12 09/19/97, Internet C"]
[Date "1997.??.??"]
[Round "?"]
[White "Brause"]
[Black "knightrunner"]
[Result "1-0"]
[WhiteElo "2470"]
[BlackElo "1940"]
[PlyCount "41"]

1. e4 e5 2. Nf3 Nc6 3. Nc3 Nf6 4. Nxe5 Nxe5 5. d4 Ng6 6. e5 Ng8 7. Bc4 Bb4 8.
Qf3 Qe7 9. O-O Bxc3 10. bxc3 d6 11. Ba3 Nh6 12. exd6 cxd6 13. Rfe1 Be6 14. d5
O-O 15. dxe6 fxe6 16. Rxe6 Rxf3 17. Rxe7+ Kf8 18. Rd7 Rxc3 19. Bxd6+ Ke8 20.
Bb5 a6 21. Re1+ 1-0

[Event "?"]
[Site "ICC 2 19 09/13/97, Internet C"]
[Date "1997.??.??"]
[Round "?"]
[White "Brause"]
[Black "oldtimer"]
[Result "1-0"]
[WhiteElo "2565"]
[BlackElo "2435"]
[PlyCount "92"]

1. e4 e5 2. Nf3 Nc6 3. Nc3 Nf6 4. Nxe5 Nxe5 5. d4 Ng6 6. e5 Ng8 7. Bc4 d6 8.
Qf3 Qd7 9. O-O dxe5 10. dxe5 Qf5 11. Bb5+ Ke7 12. Qd5 c6 13. Bxc6 bxc6 14. Qd6+
Ke8 15. Qxc6+ Qd7 16. Qxa8 Qb7 17. Qxb7 Bxb7 18. Be3 N8e7 19. f4 Nf5 20. Bxa7
Bb4 21. Rf2 Bxc3 22. bxc3 Kd7 23. Rd2+ Kc8 24. Rb1 Nfe7 25. Bc5 Nc6 26. g3 Rd8
27. Rbd1 Rxd2 28. Rxd2 h5 29. h4 Nge7 30. Kf2 Nf5 31. a4 Na5 32. Bb6 Nc6 33. c4
g6 34. c3 Ba6 35. c5 Bc4 36. a5 Kb7 37. Rb2 Kc8 38. Rb1 Bd3 39. Rd1 Bc4 40. Ra1
Kb7 41. Ra4 Bb5 42. Re4 Bd3 43. e6 f6 44. Re1 Nfe7 45. Rd1 Bc4 46. Bd8 Nf5 1-0

[Event "?"]
[Site "ICC 2 19 09/13/97, Internet C"]
[Date "1997.??.??"]
[Round "?"]
[White "Brause"]
[Black "oldtimer"]
[Result "1-0"]
[WhiteElo "2575"]
[BlackElo "2425"]
[PlyCount "35"]

1. e4 e5 2. Nf3 Nc6 3. Nc3 Nf6 4. Nxe5 Nxe5 5. d4 Ng6 6. e5 Ng8 7. Bc4 d6 8.
Qf3 Qd7 9. O-O Qf5 10. Qe2 c6 11. exd6+ Kd8 12. Ne4 Nf6 13. Bg5 h6 14. Bxf6+
gxf6 15. f3 Nf4 16. Qd2 h5 17. Bxf7 Bh6 18. Qe1 1-0

[Event "?"]
[Site "ICC 2 19 09/13/97, Internet C"]
[Date "1997.??.??"]
[Round "?"]
[White "Brause"]
[Black "oldtimer"]
[Result "1-0"]
[WhiteElo "2580"]
[BlackElo "2415"]
[PlyCount "61"]

1. e4 e5 2. Nf3 Nc6 3. Nc3 Nf6 4. Nxe5 Nxe5 5. d4 Ng6 6. e5 Ng8 7. Bc4 d6 8.
Qf3 Qd7 9. O-O Qf5 10. Qe2 dxe5 11. f4 Qg4 12. fxe5 Qxe2 13. Bxf7+ Kd8 14. Nxe2
N8e7 15. Nf4 Nxf4 16. Bxf4 c6 17. Rae1 Bf5 18. Rf2 h6 19. Ref1 b5 20. Bd2 Bh7
21. Be6 Kc7 22. Bb4 Ng6 23. Ba5+ Kb7 24. a3 Be7 25. Rf7 Bg8 26. Rxg7 Bxe6 27.
Rf6 Ka6 28. Rxe6 Kxa5 29. Rgxg6 Bg5 30. Rxc6 Be3+ 31. Kh1 1-0

[Event "?"]
[Site "ICC 2 19 09/13/97, Internet C"]
[Date "1997.??.??"]
[Round "?"]
[White "Brause"]
[Black "oldtimer"]
[Result "1-0"]
[WhiteElo "2590"]
[BlackElo "2405"]
[PlyCount "36"]

1. e4 e5 2. Nf3 Nc6 3. Nc3 Nf6 4. Nxe5 Nxe5 5. d4 Ng6 6. e5 Ng8 7. Bc4 d6 8.
Qf3 Qd7 9. O-O Qf5 10. Qe2 dxe5 11. f4 Be6 12. Bxe6 Qxe6 13. f5 Qb6 14. fxg6
hxg6 15. Qxe5+ Qe6 16. Qxc7 Bd6 17. Nb5 Bxc7 18. Nxc7+ Kd7 1-0

[Event "?"]
[Site "ICC 2 19 09/13/97, Internet C"]
[Date "1997.??.??"]
[Round "?"]
[White "Brause"]
[Black "oldtimer"]
[Result "1-0"]
[WhiteElo "2600"]
[BlackElo "2395"]
[PlyCount "29"]

1. e4 e5 2. Nf3 Nc6 3. Nc3 Nf6 4. Nxe5 Nxe5 5. d4 Ng6 6. e5 Ng8 7. Bc4 d6 8.
Qf3 Qd7 9. O-O Qf5 10. Qe2 dxe5 11. f4 e4 12. Nxe4 Be7 13. Ng3 Qa5 14. f5 Nf8
15. Qh5 1-0

[Event "?"]
[Site "ICC 2 19 09/13/97, Internet C"]
[Date "1997.??.??"]
[Round "?"]
[White "Brause"]
[Black "oldtimer"]
[Result "1-0"]
[WhiteElo "2605"]
[BlackElo "2390"]
[PlyCount "89"]

1. e4 e5 2. Nf3 Nc6 3. Nc3 Nf6 4. Nxe5 Nxe5 5. d4 Ng6 6. e5 Ng8 7. Bc4 d6 8.
Qf3 Qd7 9. O-O Qf5 10. Qe2 dxe5 11. f4 e4 12. Nxe4 Be7 13. Ng3 Qd7 14. f5 Nf8
15. Bxf7+ Kd8 16. Qc4 Nf6 17. Bf4 Qc6 18. Qxc6 bxc6 19. Rae1 N8d7 20. Bxc7+
Kxc7 21. Rxe7 Ba6 22. Rfe1 Raf8 23. Be6 Re8 24. Bxd7 Rxe7 25. Rxe7 Nxd7 26.
Rxg7 h5 27. f6 Kd8 28. b3 h4 29. f7 Rf8 30. Nf5 Be2 31. Nxh4 Bh5 32. Ng6 Bxg6
33. Rxg6 Nb8 34. Rg8 Ke7 35. h4 Kxf7 36. Rxf8+ Kxf8 37. Kf2 Nd7 38. g4 Nf6 39.
g5 Nh5 40. Kf3 Kf7 41. Kg4 Kg6 42. c4 Ng7 43. d5 c5 44. d6 Ne6 45. h5+ 1-0

[Event "?"]
[Site "ICC 2 19 09/13/97, Internet C"]
[Date "1997.??.??"]
[Round "?"]
[White "Brause"]
[Black "oldtimer"]
[Result "1-0"]
[WhiteElo "2615"]
[BlackElo "2380"]
[PlyCount "43"]

1. e4 e5 2. Nf3 Nc6 3. Nc3 Nf6 4. Nxe5 Nxe5 5. d4 Ng6 6. e5 Ng8 7. Bc4 d6 8.
Qf3 Qd7 9. O-O dxe5 10. dxe5 c6 11. Re1 Qf5 12. e6 Qxf3 13. exf7+ Kd7 14.
fxg8=Q Rxg8 15. gxf3 Rh8 16. Bd2 Be7 17. Rad1 Kc7 18. Rxe7+ $3 Nxe7 19. Bf4+
Kb6 20. Na4+ Ka5 21. b3 b5 22. Bc7+ 1-0

[Event "?"]
[Site "ICC 2 19 09/13/97, Internet C"]
[Date "1997.??.??"]
[Round "?"]
[White "Brause"]
[Black "oldtimer"]
[Result "1-0"]
[WhiteElo "2620"]
[BlackElo "2375"]
[PlyCount "39"]

1. e4 e5 2. Nf3 Nc6 3. Nc3 Nf6 4. Nxe5 Nxe5 5. d4 Ng6 6. e5 Ng8 7. Bc4 d6 8.
Qf3 Qd7 9. O-O Qf5 10. Qe2 dxe5 11. f4 e4 12. Nxe4 Kd8 13. Ng3 Qd7 14. f5 Nh4
15. Qe4 Be7 16. c3 Bf6 17. Rf4 Nh6 18. Rxh4 Bxh4 19. Qxh4+ Qe7 20. f6 1-0

[Event "?"]
[Site "ICC 2 19 09/13/97, Internet C"]
[Date "1997.??.??"]
[Round "?"]
[White "Brause"]
[Black "oldtimer"]
[Result "1-0"]
[WhiteElo "2625"]
[BlackElo "2370"]
[PlyCount "44"]

1. e4 e5 2. Nf3 Nc6 3. Nc3 Nf6 4. Nxe5 Nxe5 5. d4 Ng6 6. e5 Ng8 7. Bc4 d6 8.
Qf3 Qd7 9. O-O Qf5 10. Qe2 dxe5 11. f4 e4 12. Nxe4 N6e7 13. c3 Be6 14. Bb5+ Bd7
15. Nc5 Nf6 16. Bxd7+ Nxd7 17. Nxb7 Qd5 18. Nc5 Nxc5 19. dxc5 O-O-O 20. Be3 Nf5
21. Rfd1 Nxe3 22. Qa6+ Kd7 1-0

[Event "?"]
[Site "ICC 2 12 09/29/97, Internet C"]
[Date "1997.??.??"]
[Round "?"]
[White "Brause"]
[Black "AMPERIAL"]
[Result "1-0"]
[WhiteElo "2380"]
[BlackElo "1960"]
[PlyCount "85"]

1. e4 e5 2. Nf3 Nc6 3. Nc3 Nf6 4. Nxe5 Nxe5 5. d4 Nc6 6. d5 Ne5 7. f4 Ng6 8. e5
Ng8 9. d6 cxd6 10. exd6 Qb6 11. Qe2+ Kd8 12. f5 Bxd6 13. fxg6 hxg6 14. h3 Nf6
15. Qd3 Re8+ 16. Kd1 Qf2 17. Qd2 Qg3 18. Bc4 Re7 19. Qg5 b6 20. Nd5 Nxd5 21.
Bxd5 Rb8 22. Bxf7 Ba6 23. Bd2 Be2+ 24. Kc1 Kc7 25. Qxg3 Bxg3 26. Bxg6 Rf8 27.
Bb4 d6 28. Be1 Bf4+ 29. Bd2 Bxd2+ 30. Kxd2 Rf2 31. Kc3 Rxg2 32. Rhg1 Rh2 33.
Rg3 b5 34. Re1 Kb6 35. Kd4 Rc7 36. Be4 Bc4 37. b3 Be6 38. Rg6 Bxh3 39. Rxd6+
Ka5 40. c3 Bc8 41. a4 Rh4 42. Ra1 bxa4 43. Rxa4+ 1-0

[Event "?"]
[Site "ICC 2 12 09/29/97, Internet C"]
[Date "1997.??.??"]
[Round "?"]
[White "Brause"]
[Black "DrTarrasch"]
[Result "0-1"]
[WhiteElo "2355"]
[BlackElo "2165"]
[PlyCount "95"]

1. e4 e5 2. Nf3 Nc6 3. Nc3 Nf6 4. Nxe5 Nxe5 5. d4 Ng6 6. e5 Ng8 7. Bc4 Bb4 8.
Qf3 Qe7 9. O-O Bxc3 10. bxc3 Nh6 11. g3 O-O 12. Qh5 d5 13. Bxd5 Bg4 14. Qg5
Qxg5 15. Bxg5 c6 16. Bg2 Be2 17. Rfe1 Ba6 18. f4 Rfe8 19. Bxh6 gxh6 20. f5 Ne7
21. f6 Nd5 22. Bxd5 cxd5 23. a4 Rac8 24. Ra3 Rc4 25. Kf2 Rec8 26. Re3 R8c7 27.
Kf3 R4c6 28. Kg4 b6 29. Kh5 Bc8 30. a5 b5 31. g4 a6 32. Kxh6 Rc4 33. Kg5 Ra4
34. Rb3 Rxa5 35. Kf4 Ra1 36. Rg3 Bd7 37. Ke3 a5 38. Kd2 a4 39. Rb2 Ra7 40. c4
dxc4 41. Rb4 a3 42. e6 fxe6 43. g5 a2 44. g6 hxg6 45. Rxg6+ Kf7 46. Rg7+ Kxf6
47. Rxd7 Rxd7 48. Rxb5 0-1

[Event "?"]
[Site "ICC 2 12 09/29/97, Internet C"]
[Date "1997.??.??"]
[Round "?"]
[White "Brause"]
[Black "DrTarrasch"]
[Result "0-1"]
[WhiteElo "2330"]
[BlackElo "2190"]
[PlyCount "139"]

1. e4 e5 2. Nf3 Nc6 3. Nc3 Nf6 4. Nxe5 Nxe5 5. d4 Ng6 6. e5 Ng8 7. Bc4 Bb4 8.
Qf3 Qe7 9. O-O Bxc3 10. bxc3 Nh6 11. g3 O-O 12. Qh5 d5 13. Bxd5 Bg4 14. Qg5
Qxg5 15. Bxg5 c6 16. Bg2 Be2 17. Rfe1 Ba6 18. f4 Rfe8 19. Bxh6 gxh6 20. f5 Ne7
21. f6 Nd5 22. Bxd5 cxd5 23. a4 Rac8 24. Re3 Rc4 25. Kf2 Rec8 26. Ra3 R8c7 27.
Kf3 b6 28. h4 Bc8 29. a5 b5 30. Kf4 a6 31. h5 Ra4 32. Rb3 Rxa5 33. g4 Ra1 34.
Rg3 Rh1 35. Ke3 Bd7 36. Ra3 Bc8 37. Rb3 Kf8 38. Ra3 Rc4 39. Kf4 Ra4 40. Rb3 Be6
41. Ke3 Raa1 42. g5 Rxh5 43. gxh6 Rh3 44. Rxh3 Bxh3 45. c4 dxc4 46. Rb2 Be6 47.
Kd2 Ke8 48. c3 Kd7 49. Ke3 Kc6 50. Kf4 a5 51. Ke3 Rh1 52. Ra2 a4 53. Ra3 Rxh6
54. Kf4 Rh3 55. Ke4 h5 56. Kf4 Kd5 57. Kg5 Ke4 58. Kh6 Rh1 59. Kh7 h4 60. Kg7
h3 61. Kf8 Rg1 62. Ra2 Rg2 63. Ra1 h2 64. Rh1 a3 65. d5 Kxd5 66. Ke7 Kxe5 67.
Re1+ Kd5 68. Rh1 a2 69. Ra1 Kc5 70. Kf8 0-1

[Event "?"]
[Site "ICC 2 19 09/23/97, Internet C"]
[Date "1997.??.??"]
[Round "?"]
[White "Brause"]
[Black "oldtimer"]
[Result "1-0"]
[WhiteElo "2540"]
[BlackElo "2415"]
[PlyCount "46"]

1. e4 e5 2. Nf3 Nc6 3. Nc3 Nf6 4. Nxe5 Nxe5 5. d4 Ng6 6. e5 Ng8 7. Bc4 d6 8.
Qf3 Qd7 9. O-O Qf5 10. Qe2 dxe5 11. f4 e4 12. Nxe4 N6e7 13. Ng5 Nh6 14. c3 Qa5
15. Qh5 g6 16. Qe2 Bg4 17. Bxf7+ Nxf7 18. Qxg4 Nxg5 19. fxg5 Nf5 20. Qe4+ Be7
21. Qxb7 O-O 22. b4 Qb6 23. Qd5+ Rf7 1-0

[Event "?"]
[Site "ICC 2 19 09/23/97, Internet C"]
[Date "1997.??.??"]
[Round "?"]
[White "Brause"]
[Black "oldtimer"]
[Result "1-0"]
[WhiteElo "2550"]
[BlackElo "2405"]
[PlyCount "106"]

1. e4 e5 2. Nf3 Nc6 3. Nc3 Nf6 4. Nxe5 Nxe5 5. d4 Ng6 6. e5 Ng8 7. Bc4 d6 8.
Qf3 Qd7 9. O-O Qf5 10. Qe2 dxe5 11. f4 e4 12. Nxe4 N6e7 13. Ng5 Nh6 14. c3 Bd7
15. Bd3 Qa5 16. Nxh7 Rxh7 17. Bxh7 g6 18. Qe5 Qb6 19. a4 O-O-O 20. a5 Qe6 21.
a6 b6 22. Rf3 Nef5 23. Qxe6 Bxe6 24. h3 Bd5 25. Rd3 Bg7 26. g4 Nd6 27. f5 Rh8
28. fxg6 Be4 29. Bxh6 fxg6 30. Bxg6 Bxg6 31. Bxg7 Rg8 32. Rf3 Rxg7 33. Re1 Kd7
34. Kf2 Bf7 35. Rfe3 Bc4 36. Ra1 Nc8 37. Ra3 b5 38. b3 Bd5 39. Re5 c6 40. Ke3
Rh7 41. Rh5 Rxh5 42. gxh5 Ke6 43. Kf4 Kf6 44. h4 Nd6 45. b4 Bf7 46. h6 Bg6 47.
Ra1 Nf7 48. Rd1 Bc2 49. Rd2 Bb3 50. h7 Kg7 51. Rg2+ Kxh7 52. Re2 Kg6 53. Re7
Nd6 1-0

[Event "?"]
[Site "ICC 2 19 09/23/97, Internet C"]
[Date "1997.??.??"]
[Round "?"]
[White "Brause"]
[Black "oldtimer"]
[Result "1-0"]
[WhiteElo "2560"]
[BlackElo "2395"]
[PlyCount "55"]

1. e4 e5 2. Nf3 Nc6 3. Nc3 Nf6 4. Nxe5 Nxe5 5. d4 Ng6 6. e5 Ng8 7. Bc4 d6 8.
Qf3 Qd7 9. O-O Qf5 10. Qe2 dxe5 11. f4 e4 12. Nxe4 N6e7 13. Ng5 Nh6 14. c3 Bd7
15. Rf3 O-O-O 16. Bd3 Qf6 17. Nxh7 Rxh7 18. Bxh7 g6 19. Qe5 Qd6 20. Qxd6 cxd6
21. f5 Bxf5 22. Bg5 Be6 23. Re1 Kd7 24. Bxg6 Nxg6 25. Bxd8 Kxd8 26. Rxe6 fxe6
27. Rf6 Nf5 28. Rxg6 1-0

[Event "?"]
[Site "ICC 2 19 09/18/97, Internet C"]
[Date "1997.??.??"]
[Round "?"]
[White "Brause"]
[Black "oldtimer"]
[Result "1-0"]
[WhiteElo "2645"]
[BlackElo "2365"]
[PlyCount "63"]

1. e4 e5 2. Nf3 Nc6 3. Nc3 Nf6 4. Nxe5 Nxe5 5. d4 Ng6 6. e5 Ng8 7. Bc4 d6 8.
Qf3 Qd7 9. O-O Qf5 10. Qe2 dxe5 11. f4 e4 12. Nxe4 Be7 13. Ng3 Qg4 14. Qe3 Nh6
15. Be2 Qd7 16. f5 O-O 17. fxg6 hxg6 18. Qc3 Nf5 19. Nxf5 gxf5 20. Be3 Bf6 21.
Rad1 c6 22. Bd3 Qd5 23. Bc4 Qe4 24. Rf4 Qe7 25. Re1 Be6 26. Bxe6 fxe6 27. Qc4
Qf7 28. Bf2 Rfe8 29. b3 g6 30. Qc3 Rad8 31. Rf3 g5 32. Qc4 1-0

[Event "?"]
[Site "ICC 2 19 09/18/97, Internet C"]
[Date "1997.??.??"]
[Round "?"]
[White "Brause"]
[Black "oldtimer"]
[Result "1-0"]
[WhiteElo "2650"]
[BlackElo "2360"]
[PlyCount "167"]

1. e4 e5 2. Nf3 Nc6 3. Nc3 Nf6 4. Nxe5 Nxe5 5. d4 Ng6 6. e5 Ng8 7. Bc4 d6 8.
Qf3 Qd7 9. O-O Qf5 10. Qe2 dxe5 11. f4 e4 12. Nxe4 N6e7 13. Ng3 Qd7 14. c3 Nf6
15. Bd2 Qd6 16. f5 Bd7 17. Bg5 O-O-O 18. Bxf7 Neg8 19. Nh5 Be8 20. Nxf6 gxf6
21. Bf4 Qe7 22. Be6+ Bd7 23. Rae1 Bxe6 24. Qxe6+ Qxe6 25. Rxe6 Bd6 26. c4 Kd7
27. Bxd6 cxd6 28. Rf3 Rf8 29. Rb3 Kc7 30. Rg3 Rd8 31. Kf2 h5 32. Ke3 Rh7 33.
Kf4 h4 34. Rge3 Rg7 35. g4 hxg3 36. hxg3 Rh7 37. g4 Rh4 38. b4 Rd7 39. Kg3 Rdh7
40. Re8 Rh3+ 41. Kf4 Rxe3 42. Rxe3 Kd7 43. Ra3 a6 44. b5 axb5 45. cxb5 Rh1 46.
Ra8 Ne7 47. Ke4 Re1+ 48. Kf3 Nd5 49. Rf8 Re3+ 50. Kf2 Rd3 51. Rf7+ Kc8 52. Rf8+
Kc7 53. Rf7+ Kb6 54. Rd7 Rxd4 55. Kf3 Rb4 56. Rxd6+ Kc5 57. Rd7 Rxb5 58. Kg3
Kc6 59. Rd8 Rb4 60. Rc8+ Kd7 61. Ra8 Rb6 62. Kh4 Ra6 63. Rxa6 bxa6 64. Kh5 Ke7
65. g5 Nf4+ 66. Kg4 fxg5 67. Kxg5 Nd5 68. Kg6 a5 69. Kg7 a4 70. a3 Nf6 71. Kg6
Ne4 72. Kg7 Nf6 73. Kg6 Ne8 74. Kg5 Kd6 75. Kh5 Ke5 76. Kg6 Nd6 77. f6 Kd4 78.
Kg5 Kc3 79. Kf4 Kb3 80. Ke5 Nf7+ 81. Kd4 Kxa3 82. Kc3 Ka2 83. Kc2 Nd6 84. Kc3
1-0

[Event "?"]
[Site "ICC 2 19 09/18/97, Internet C"]
[Date "1997.??.??"]
[Round "?"]
[White "Brause"]
[Black "oldtimer"]
[Result "1-0"]
[WhiteElo "2565"]
[BlackElo "2355"]
[PlyCount "88"]

1. e4 e5 2. Nf3 Nc6 3. Nc3 Nf6 4. Nxe5 Nxe5 5. d4 Ng6 6. e5 Ng8 7. Bc4 d6 8.
Qf3 Qd7 9. O-O Qf5 10. Qe2 dxe5 11. f4 e4 12. Nxe4 N6e7 13. Ng3 Qd7 14. c3 Nf6
15. Bd2 h5 16. Bb5 c6 17. Bd3 h4 18. Ne4 Nxe4 19. Bxe4 f5 20. Bf3 Kf7 21. Qd3
Rh6 22. Rae1 Kg8 23. Bd1 Rd6 24. Bb3+ Kh8 25. Re5 Ng6 26. Qf3 Nxe5 27. fxe5 Rd5
28. Bg5 Qf7 29. Bxd5 cxd5 30. Qh3 Qh5 31. Qxh4 Qxh4 32. Bxh4 Be6 33. Kf2 Re8
34. Ke3 Be7 35. Bxe7 Rxe7 36. Kf4 Kh7 37. a4 Kh6 38. h4 a5 39. Rh1 Rf7 40. Rh3
Rf8 41. Rg3 Rc8 42. h5 Rc6 43. Rg6+ Kh7 44. b4 b6 1-0

[Event "?"]
[Site "ICC 2 19 09/18/97, Internet C"]
[Date "1997.??.??"]
[Round "?"]
[White "Brause"]
[Black "oldtimer"]
[Result "0-1"]
[WhiteElo "2570"]
[BlackElo "2345"]
[PlyCount "183"]

1. e4 e5 2. Nf3 Nc6 3. Nc3 Nf6 4. Nxe5 Nxe5 5. d4 Ng6 6. e5 Ng8 7. Bc4 d6 8.
Qf3 Qd7 9. O-O Qf5 10. Qe2 dxe5 11. f4 e4 12. Nxe4 N6e7 13. Re1 h5 14. Ng5 Nh6
15. Qxh5 g6 16. Qd1 Bd7 17. Re5 Qf6 18. Ne4 Qb6 19. Nc5 O-O-O 20. c3 Nef5 21.
Nxd7 Rxd7 22. a4 Bg7 23. a5 Qd6 24. Re4 c5 25. d5 Re7 26. Re2 Rhe8 27. a6 b6
28. Rxe7 Qxe7 29. Qa4 Nd6 30. Bf1 Qd7 31. Qb3 Nhf5 32. Bd2 Ne3 33. Bxe3 Rxe3
34. Qxb6 axb6 35. a7 Qxa7 36. Rxa7 Bf6 37. Kf2 Re7 38. Rxe7 Bxe7 39. c4 Bf6 40.
b3 Ne4+ 41. Ke3 Nd6 42. Kf2 Bd4+ 43. Kf3 Kd7 44. Bd3 Ke7 45. h4 Kf6 46. g4 Kg7
47. f5 gxf5 48. gxf5 Be5 49. Kg4 Kh6 50. Bc2 Ne8 51. Kh3 Nf6 52. Bd3 Kh7 53.
Kg2 Kg7 54. Kf3 Kf8 55. Be2 Ke7 56. Bd3 Kd6 57. Bc2 Bc3 58. Kg3 Ke5 59. Bd3
Be1+ 60. Kh3 Bf2 61. Bc2 Kf4 62. Bb1 Bd4 63. Bc2 Be5 64. Bd3 Nh5 65. Kg2 Ng7
66. Be2 Nxf5 67. h5 Kg5 68. Kf3 Nd4+ 69. Ke4 Bd6 70. Bd1 f5+ 71. Ke3 f4+ 72.
Kd3 Nf5 73. Be2 Ng3 74. h6 Kxh6 75. Bg4 Kg5 76. Bf3 Kf6 77. Bd1 Ke5 78. Bc2 Nf5
79. Bd1 Nd4 80. Bg4 Nxb3 81. Bd7 Nd4 82. Be8 Be7 83. Bg6 f3 84. Ke3 Bg5+ 85.
Kf2 Kf4 86. Bd3 Bh4+ 87. Kg1 Ke3 88. Bf1 Bg3 89. Kh1 Ne2 90. d6 Bxd6 91. Bh3
Bg3 92. Bg4 0-1

[Event "?"]
[Site "ICC 2 19 09/18/97, Internet C"]
[Date "1997.??.??"]
[Round "?"]
[White "Brause"]
[Black "oldtimer"]
[Result "0-1"]
[WhiteElo "2525"]
[BlackElo "2370"]
[PlyCount "117"]

1. e4 e5 2. Nf3 Nc6 3. Nc3 Nf6 4. Nxe5 Nxe5 5. d4 Ng6 6. e5 Ng8 7. Bc4 d6 8.
Qf3 Qd7 9. O-O Qf5 10. Qe2 dxe5 11. f4 e4 12. Nxe4 N6e7 13. c3 Bd7 14. Ng5 Nh6
15. Bd3 Qa5 16. Nxh7 Rxh7 17. Bxh7 g6 18. Qe5 Qb6 19. a4 O-O-O 20. a5 Qe6 21.
a6 b6 22. h3 Qd5 23. Re1 Bc6 24. Qxd5 Nxd5 25. g4 Nf6 26. Bxg6 fxg6 27. g5 Nh5
28. gxh6 Bxh6 29. Re6 Rd6 30. Rxd6 cxd6 31. f5 Bxc1 32. Rxc1 gxf5 33. Rf1 Be4
34. c4 Kd7 35. d5 Ke7 36. h4 Kf6 37. Kh2 f4 38. Re1 Kf5 39. b3 f3 40. Rg1 Kf4
41. Rf1 Nf6 42. Kh3 Bf5+ 43. Kh2 Ng4+ 44. Kg1 Kg3 45. h5 f2+ 46. Rxf2 Nxf2 47.
Kf1 Nd3 48. h6 Nb4 49. Ke2 Nxa6 50. Kd2 Nb4 51. Kc1 Kf2 52. Kb2 Ke2 53. Ka3 Na6
54. b4 Kd3 55. Kb3 Be4 56. b5 Nc5+ 57. Kb4 Bh7 58. Ka3 Kxc4 59. Kb2 0-1

[Event "?"]
[Site "ICC 2 19 09/18/97, Internet C"]
[Date "1997.??.??"]
[Round "?"]
[White "Brause"]
[Black "oldtimer"]
[Result "1-0"]
[WhiteElo "2475"]
[BlackElo "2395"]
[PlyCount "53"]

1. e4 e5 2. Nf3 Nc6 3. Nc3 Nf6 4. Nxe5 Nxe5 5. d4 Ng6 6. e5 Ng8 7. Bc4 d6 8.
Qf3 Qd7 9. O-O Qf5 10. Qe2 dxe5 11. f4 e4 12. Nxe4 N6e7 13. Ng3 Qg4 14. Qe5 Qd7
15. Bd2 Qd6 16. Qe3 f5 17. a3 Bd7 18. Bb4 Qc6 19. Qd3 a5 20. Bd2 Nf6 21. Rae1
b5 22. Ba2 h5 23. Nxf5 Bxf5 24. Qxf5 Kd8 25. Qd3 Nfd5 26. Re5 g6 27. Bxd5 1-0